LIBRARY & INFORMATION CENTRE, KCAET, TAVANUR

ONLINE PUBLIC ACCESS CATALOGUE (OPAC)

Repair of transformers and electric machines (Record no. 17556)

MARC details
000 -LEADER
fixed length control field 00347nam a22001337a 4500
003 - CONTROL NUMBER IDENTIFIER
control field OSt
008 - FIXED-LENGTH DATA ELEMENTS--GENERAL INFORMATION
fixed length control field 220924b |||||||| |||| 00| 0 eng d
082 ## - DEWEY DECIMAL CLASSIFICATION NUMBER
Classification number 537.2
Item number ATA/RE
100 ## - MAIN ENTRY--AUTHOR NAME
Personal name Atabekov,v
245 ## - TITLE STATEMENT
Title Repair of transformers and electric machines
260 ## - PUBLICATION, DISTRIBUTION, ETC. (IMPRINT)
Place of publication Moscow
Name of publisher Mir publishers
Year of publication 1986
300 ## - PHYSICAL DESCRIPTION
Number of Pages 316
Other physical details hard binding
942 ## - ADDED ENTRY ELEMENTS (KOHA)
Koha item type Books
Holdings
Withdrawn status Lost status Damaged status Home library Current library Date acquired Full call number Accession Number Koha item type
      KAUAET KAUAET 24/09/2022 537.2 ATA/RE 16031 Books
free website counter